LA MUJER MIGRANTE Y EL EMPLEO (Registro nro. 13343)
[ vista simple ]
| 000 -LEADER | |
|---|---|
| fixed length control field | 00431nam a2200169 a 4500 |
| 001 - CONTROL NUMBER | |
| control field | 13343 |
| 005 - DATE AND TIME OF LATEST TRANSACTION | |
| control field | 20180713201717.0 |
| 008 - FIXED-LENGTH DATA ELEMENTS--GENERAL INFORMATION | |
| fixed length control field | 140415s1989 000 0 spa d |
| 041 ## - LANGUAGE CODE | |
| Language code of text/sound track or separate title | spa |
| 082 ## - DEWEY DECIMAL CLASSIFICATION NUMBER | |
| Classification number | 304.8 |
| Item number | TAN |
| 100 1# - MAIN ENTRY--PERSONAL NAME | |
| Personal name | TAHORI VILLA, CRUZ ARCELIA |
| 245 13 - TITLE STATEMENT | |
| Title | LA MUJER MIGRANTE Y EL EMPLEO |
| 260 ## - PUBLICATION, DISTRIBUTION, ETC. | |
| Place of publication, distribution, etc. | [s.l.] : |
| Name of publisher, distributor, etc. | INAH, |
| Date of publication, distribution, etc. | 1989 |
| 300 ## - PHYSICAL DESCRIPTION | |
| Extent | 82 |
| 490 ## - SERIES STATEMENT | |
| Series statement | DIVULGACION |
| 650 14 - SUBJECT ADDED ENTRY--TOPICAL TERM | |
| Topical term or geographic name entry element | MIGRACION INTERNA |
| Withdrawn status | Lost status | Source of classification or shelving scheme | Damaged status | Not for loan | Collection code | Home library | Current library | Shelving location | Date acquired | Source of acquisition | Inventory number | Total Checkouts | Full call number | Barcode | Date last seen | Date last checked out | Price effective from | Koha item type |
|---|---|---|---|---|---|---|---|---|---|---|---|---|---|---|---|---|---|---|
| Dewey Decimal Classification | General | Biblioteca Karol Wojtyla | Biblioteca Karol Wojtyla | Sala general | 03/12/2013 | Compra | 151000000000000000053841 | 304.8 TAN | 30138 | 05/01/2026 | 14/09/2015 | 03/12/2013 | Libro |